French lover: (Record no. 25876)

MARC details
000 -LEADER
fixed length control field 01058nam a22002777a 4500
005 - DATE AND TIME OF LATEST TRANSACTION
control field 20200111173940.0
010 ## - LCCN (DPL NO)
LC control number B-284989 B-445778-789, B-214420, B-214407
020 ## - INTERNATIONAL STANDARD BOOK NUMBER
International Standard Book Number 0143028103
Terms of availability 250.00
020 ## - INTERNATIONAL STANDARD BOOK NUMBER
Terms of availability 299.00
020 ## - INTERNATIONAL STANDARD BOOK NUMBER
International Standard Book Number 9780143028109
Terms of availability 250.00
020 ## - INTERNATIONAL STANDARD BOOK NUMBER
Terms of availability 299.00
035 ## - SYSTEM CONTROL NUMBER
System control number B-284989 B-445778-789, B-214420,B-B-214417
035 ## - SYSTEM CONTROL NUMBER
System control number B-214407
037 ## - SOURCE OF ACQUISITION
Source of stock number/acquisition UBH (Vender)
037 ## - SOURCE OF ACQUISITION
Source of stock number/acquisition Allied Pub/Ven
082 ## - DEWEY DECIMAL CLASSIFICATION NUMBER
Classification number N
100 ## - MAIN ENTRY--PERSONAL NAME
Personal name Taslima Nasrin
245 ## - TITLE STATEMENT
Title French lover:
Statement of responsibility, etc by Taslima Nasrin; translated from the Bengali by Sreejata Guha
Remainder of title a novel /
260 ## - PUBLICATION, DISTRIBUTION, ETC. (IMPRINT)
Place of publication, distribution, etc New Delhi
Name of publisher, distributor, etc Penguin Books
Date of publication, distribution, etc 2002
270 ## - ADDRESS
Address 11, Community Centre, Panchsheel Park,
City New Delhi
Postal code 110017
300 ## - PHYSICAL DESCRIPTION
Extent 293p.
Dimensions 20cm. (pbk)
700 ## - ADDED ENTRY--PERSONAL NAME
Personal name Guha, Sreejata
9 (RLIN) 40870
942 ## - ADDED ENTRY ELEMENTS (KOHA)
Source of classification or shelving scheme Dewey Decimal Classification
Item type English Books
Classification part N
Call number suffix TAS
Holdings
Withdrawn status Lost status Not for loan Collection code Home library Current library Date acquired Source of acquisition Cost, normal purchase price Full call number Barcode Copy number Cost, replacement price Koha item type
      Fiction Bawana Bawana 06/02/2012 Allied Pub/1143/26.09.2011/04/15.09.2011/09.11.2011 299.00 N TAS B-445783 1 299.00 English Books
      Fiction Central Library Central Library 06/02/2012 Allied Pub/1143/26.09.2011/04/15.09.2011/09.11.2011 299.00 N TAS B-445778 1 299.00 English Books
      Fiction Janak Puri Janak Puri 06/02/2012 Allied Pub/1143/26.09.2011/04/15.09.2011/09.11.2011 299.00 N TAS B-445780 1 299.00 English Books
      Fiction Patel Nagar Patel Nagar 06/02/2012 Allied Pub/1143/26.09.2011/04/15.09.2011/09.11.2011 299.00 N TAS B-445779 1 299.00 English Books
      Fiction R.C.Libraries (BL-I) R.C.Libraries (BL-I) 06/02/2012 Allied Pub/1143/26.09.2011/04/15.09.2011/09.11.2011 299.00 N TAS B-445785 1 299.00 English Books
      Fiction R.C.Libraries (BL-III) R.C.Libraries (BL-III) 06/02/2012 Allied Pub/1143/26.09.2011/04/15.09.2011/09.11.2011 299.00 N TAS B-445786 2 299.00 English Books
  Written-off vide DLB M. No. 383 dt 16.05.19   Fiction R.C.Libraries (BL-III) R.C.Libraries (BL-III) 06/02/2012 Allied Pub/1143/26.09.2011/04/15.09.2011/09.11.2011 299.00 N TAS B-445787 2 299.00 English Books
      Fiction R.C.Libraries (BL-IV) R.C.Libraries (BL-IV) 06/02/2012 Allied Pub/1143/26.09.2011/04/15.09.2011/09.11.2011 299.00 N TAS B-445789 2 299.00 English Books
      Fiction R.C.Libraries (zls) R.C.Libraries (zls) 09/11/2018   250.00 N TAS B-214420 1 250.00 English Books
      Fiction R.K.Puram-8 R.K.Puram-8 11/01/2020 BPPD/Purchase 250.00 N TAS B-214407 1 250.00 English Books
      Fiction Sarojini Nagar Sarojini Nagar 06/02/2012 Allied Pub/1143/26.09.2011/04/15.09.2011/09.11.2011 299.00 N TAS B-445781 1 299.00 English Books
      Fiction Shahdara Branch Shahdara Branch 06/02/2012 Allied Pub/1143/26.09.2011/04/15.09.2011/09.11.2011 299.00 N TAS B-445784 1 299.00 English Books
      Fiction Shahdara Branch Shahdara Branch 06/02/2012 Allied Pub/1143/26.09.2011/04/15.09.2011/09.11.2011 299.00 N TAS B-445788 2 299.00 English Books
      Fiction Vigyan Vihar Vigyan Vihar 28/02/2019 BPPD/PUB 250.00 N TAS B-214417   250.00 English Books
      Fiction Vinoba Puri Vinoba Puri 24/04/2009 UBH/143/25.8.08/187/21.7.08/29.8.08 250.00 N TAS B-284989 1 250.00 English Books
      Fiction Vinoba Puri Vinoba Puri 06/02/2012 Allied Pub/1143/26.09.2011/04/15.09.2011/09.11.2011 299.00 N TAS B-445782 1 299.00 English Books
      Fiction Yojana Vihar Yojana Vihar 05/08/2019 BPPD/PUB 250.00 N TAS B-214416 1 250.00 English Books

© Delhi Public Library
Hit Counter
free hit counter